000 00735nam a2200181 i 4500
001 147895
003 ES-MaACL
005 20230906202317.0
007 t|
008 071008s1982 fr ||||1| fre d
020 _a92-64-22370-3
080 _a378
245 0 0 _aUniversite
_b: L'Univertitè et la collectivitè : une problèmatique nouvelle /
_cOrganisation de coopèration et de dèveloppement èco èconomiques, Centre pour la Recherche et l'innnovation dans l'enseignement.
260 _aParis :
_bOCDE,
_c1982.
300 _a170 p. ;
_c24 cm.
710 2 _aOrganización de Cooperación y Desarrollo Económico.
_bCentro para la Investigación e Innovación de la Enseñanza.
_96057
852 _aES-MaACL
_jL-10245
_bR.112179
999 _c147895
_d147895